Bracknell and its migrants : Twenty - one years of new town growth (Record no. 416472)

000 -LEADER
fixed length control field 00575cam a22001577a 4500
008 - FIXED-LENGTH DATA ELEMENTS--GENERAL INFORMATION
fixed length control field 180718b1975 xxu||||| |||| 00| 0 eng d
020 ## - INTERNATIONAL STANDARD BOOK NUMBER
International Standard Book Number 0 11 670535 3
082 ## - DEWEY DECIMAL CLASSIFICATION NUMBER
Classification number J72x42 Un3
245 ## - TITLE STATEMENT
Title Bracknell and its migrants : Twenty - one years of new town growth
Statement of responsibility, etc. by Department Of The Environment
260 ## - PUBLICATION, DISTRIBUTION, ETC.
Place of publication, distribution, etc. London
Name of publisher, distributor, etc. Her Majesty's Stationery Office
Date of publication, distribution, etc. 1975
300 ## - PHYSICAL DESCRIPTION
Extent v, 119p
500 ## - GENERAL NOTE
General note Building research establishment report
650 ## - SUBJECT ADDED ENTRY--TOPICAL TERM
Topical term or geographic name entry element Cities and towns -- Growth
650 ## - SUBJECT ADDED ENTRY--TOPICAL TERM
Topical term or geographic name entry element Cities and towns -- England -- Bracknell
700 ## - ADDED ENTRY--PERSONAL NAME
Personal name U.K. Department Of The Environment
Holdings
Withdrawn status Lost status Damaged status Not for loan Permanent Location Current Location Date acquired Full call number Barcode Date last seen Price effective from Koha item type
        Indian Institute of Public Administration Indian Institute of Public Administration 2009-03-17 J72x42 Un3 DA4719 2018-07-21 2018-07-21 DA

Powered by Koha